| 000 | 00939nam a2200253 a 4500 | ||
|---|---|---|---|
| 999 |
_c12331 _d12331 |
||
| 001 | 12331 | ||
| 003 | BD-JhCC | ||
| 005 | 20211027095328.0 | ||
| 008 | 210608s2018 bg |||| |||| 000 0 ben d | ||
| 020 | _a9789842005824 | ||
| 035 | _a(BD-JhCC)12331 | ||
| 040 |
_aBD-JhCC _dBD-JhCC |
||
| 041 | _aBengla | ||
| 082 |
_a354.549201 _bSHA 2018 |
||
| 100 | _aসাথী, সিরাজ উদ্দিন | ||
| 245 |
_aআমলাতন্ত্রের অন্দরমহল বত্রিশ বছর / _cসিরাজ উদ্দিন সাথী |
||
| 260 |
_aঢাকা : _bঅ্যাডর্ন পাবলিকেশন্স, _c২০১৮। |
||
| 300 |
_a৫১২ পৃ. : _c২১ সেমি. |
||
| 504 | _aনির্ঘন্ট অর্ন্তভূক্ত। | ||
| 650 | _aBureaucracy | ||
| 650 |
_aPolitics and government _zBangladesh |
||
| 650 | _aPublic administration | ||
| 942 |
_2ddc _cBK |
||